Islamic coins
محفوظ في:
المؤلف الرئيسي:
التنسيق: كتاب
اللغة: Undetermined
منشور في:
London
1984
الوسوم: إضافة وسم
لا توجد وسوم, كن أول من يضع وسما على هذه التسجيلة!
رقم الطلب: J N2 S5
| LEADER | 00378nam a2200121Ia 4500 | ||
|---|---|---|---|
| 008 | 230909s9999||||xx |||||||||||||| ||und|| | ||
| 050 | 4 | |a J N2 S5 | |
| 100 | 1 | |a Sotheby Parke Bernet | |
| 245 | 1 | 0 | |a Islamic coins |
| 264 | 1 | |a London |c 1984 | |
| 942 | |2 lcc |c BK | ||
| 952 | |0 0 |1 0 |2 lcc |4 0 |6 J N2 S5 |7 1 |9 49949 |a ARCE |b ARCE |d 2023-09-09 |l 0 |o J N2 S5 |r 2023-09-09 00:00:00 |w 2023-09-09 |y BK | ||
| 999 | |c 54572 |d 54572 | ||
